De statu ecclesiae et legítima potestate romani pontificis liber singularis ad reuniendos dissidentes in religione christianos

Detalles Bibliográficos
Autor principal: FEBRONIO, Justino
Formato: Libro
Publicado: Bovillon 1768
Edición:3a.ed.
Materias:
Colección:Banco de datos
Acervo:Biblioteca Nacional de Antropología e Historia. Fondo Conventual
Tema general:Apologética
Notas:Regular. La portada tiene una nota manuscrita ilegible. X, 8, 15.
LEADER 00809nam a22002050004500
035 |a 17133 
036 |a 4679 
100 1 |a FEBRONIO, Justino 
245 1 0 |a De statu ecclesiae et legítima potestate romani pontificis liber singularis ad reuniendos dissidentes in religione christianos 
250 |a 3a.ed. 
260 |a Bovillon  |b Guillermo Everardo  |c 1768 
500 |a Regular. La portada tiene una nota manuscrita ilegible. X, 8, 15. 
650 1 0 |a Apologética 
949 |a B.N.A.H. 
959 |a Biblioteca Nacional de Antropología e Historia. Ciudad de México  |b CCC1 
960 |a Colección General de B.N.A.H. de la ciudad de México  |b DD58 
961 |a Varias Ordenes Religiosas  |b VO 
942 |c B.N.A.H. 
943 |g Biblioteca Nacional de Antropología e Historia. Fondo Conventual 
999 |c 1041665  |d 1041665